U.S. States with the Fewest Traffic Fatalities - Statistics

General Stats
  • This quiz has been taken 21,168 times
    12,966 since last reset
  • The average score is 6 of 10
Answer Stats
# State % Correct
8.1 Hawaii
76%
6.0 New York
73%
4.8 Rhode Island
72%
6.2 Massachusetts
62%
7.4 New Jersey
62%
9.4 Washington
62%
9.1 Maryland
59%
9.1 Pennsylvania
52%
9.4 Utah
44%
7.8 Minnesota
38%
No matching quizzes found
Score Distribution
Percent of People with Each Score
Percentile by Number Answered
Your Score History
You have not taken this quiz since the last reset